书目信息 |
| 题名: |
假账与反假账
|
|
| 作者: | 贺志东 著 | |
| 分册: | ||
| 出版信息: | 北京 电子工业出版社 2017 |
|
| 页数: | 364页 | |
| 开本: | 26cm | |
| 丛书名: | 新法规政策下财会操作实务丛书 | |
| 单 册: | ||
| 中图分类: | F231.6 | |
| 科图分类: | ||
| 主题词: | 会计检查 | |
| 电子资源: | ||
| ISBN: | 978-7-121-32820-6 | |
| 000 | 01006oam2 2200265 450 | |
| 001 | 012001000532 | |
| 005 | 20180920143901.92 | |
| 010 | @a978-7-121-32820-6@dCNY68.00 | |
| 100 | @a20180217d2017 em y0chiy50 ea | |
| 101 | 0 | @achi |
| 102 | @aCN@b110000 | |
| 105 | @ay z 000yy | |
| 106 | @ar | |
| 200 | 1 | @a假账与反假账@9Jia Zhang Yu Fan Jia Zhang@f贺志东著 |
| 205 | @a2版@b修订版 | |
| 210 | @a北京@c电子工业出版社@d2017 | |
| 215 | @a364页@d26cm | |
| 225 | 2 | @a新法规政策下财会操作实务丛书 |
| 330 | @a本书依据企业会计准则、内控体系等最新的法律法规,对各种非法假账手法予以曝光,分析了各种反假账技法,有助于查处、打击各种经济违法乱纪和财务造假行为。本书共15章,从企业财务造假的主要特征、查账反假技法入手,介绍了企业在经济凭证、资产、负债、所有者权益和财务报告等方面的假账与反假账。 | |
| 461 | 0 | @12001 @a新法规政策下财会操作实务丛书 |
| 606 | 0 | @a会计检查 |
| 690 | @aF231.6@v5 | |
| 701 | 0 | @a贺志东@9He Zhi Dong@4著 |
| 801 | 0 | @aCN@b上海新华@c20180901 |
| 905 | @b1150747-51@dF231.6@e554=2@f5 | |
| 假账与反假账/贺志东著.-2版,修订版.-北京:电子工业出版社,2017 |
| 364页;26cm.-(新法规政策下财会操作实务丛书) |
| ISBN 978-7-121-32820-6:CNY68.00 |
| 本书依据企业会计准则、内控体系等最新的法律法规,对各种非法假账手法予以曝光,分析了各种反假账技法,有助于查处、打击各种经济违法乱纪和财务造假行为。本书共15章,从企业财务造假的主要特征、查账反假技法入手,介绍了企业在经济凭证、资产、负债、所有者权益和财务报告等方面的假账与反假账。 |
| ● |
| 相关链接 |
|
|
|
|
正题名:假账与反假账
索取号:F231.6/554=2
 
预约/预借
| 序号 | 登录号 | 条形码 | 馆藏地/架位号 | 状态 | 备注 |
| 1 | 1150747 | 211507476 | 第一样本阅览室/ [索取号:F231.6/554=2] | 在馆 | |
| 2 | 1150748 | 211507485 | 第一借阅区/ [索取号:F231.6/554=2] | 在馆 | |
| 3 | 1150749 | 211507494 | 第一借阅区/ [索取号:F231.6/554=2] | 在馆 | |
| 4 | 1150750 | 211507500 | 第一借阅区/ [索取号:F231.6/554=2] | 在馆 | |
| 5 | 1150751 | 211507519 | 经管系资料室/ [索取号:F231.6/554=2] | 在馆 |